00698 a2200205 4500010001400000020002300014035001300037037001500050082001100065090001700076100002400093245005500117260002900172270005100201300002400252500004100276942002500317999001700342952013300359 aENG-89545 a8124415789c125.00 aEN-73078 bDBAD / PUB14a954.33 c11124d111241 aMenon, A. Sreedhara1 aA survey of Kerala History/cby A. Sreedhara Menon aKeralabD.C. Booksc2007 aKottayam, Kerala StatebKeralae686012cKerala a368p.c22 cm (pbk) aIncludes bibliographical references adplcENk954.33/ MEN c10819d10819 00102ddc40718NFICaDBADbDBADeDBAD/PUBg125.00l0o954.33 MENpEN-73078r2008-09-15 00:00:00u11914v125.00w2008-09-15yEN